000 01091nam a2200241Ia 4500
003 OSt
005 20200827121504.0
008 191128s2000 ck ad gr 000 0dspa d
020 _a9589563120
040 _aCo-JMCR
_cCo-JMCR
041 0 _aspa
082 0 4 _a370.1934 /
_bF852d
_223
110 1 _aFundación Para el Desarrollo del Caribe (Barranquilla)
_99349
245 1 3 _aLa educación en el Caribe colombiano estudios y propuestas /
_cFundación Para el Desarrollo del Caribe
260 _aBarranquilla :
_bFundación para el desarrollo del Caribe,
_c2000.
300 _a203 páginas :
_bgráficos a blanco y negro ;
_c23 cm.
500 _aIncluye notas a pie de páginas.
504 _aBibliografía : páginas 202-203.
505 0 _aDiagnóstico y recomendaciones para el sector educativo en la región Caribe colombiano -- Diagnóstico del sector educativo del Distrito de Barranquilla -- Análisis sobre esquemas de inversión en educación a través de subsidios a la demanda
650 2 4 _aSector educativo
_99350
650 2 4 _aDiagnóstico educativo
_99351
942 _2ddc
_cBK
999 _c6079
_d6079